| 000 | 02374cam a22005174i 4500 | ||
|---|---|---|---|
| 003 | PE-LiUPU | ||
| 005 | 20250731165606.0 | ||
| 008 | 150706s r 000 0 d | ||
| 020 | _a8470308297 | ||
| 035 | _a(Sirsi) i9788470308291 | ||
| 040 |
_aPE-LiUPU _bspa _cPE-LiUPU _erda |
||
| 049 | _aPRUA | ||
| 082 | 0 | 4 |
_a001.42 _bV23 _221 |
| 100 | 1 |
_aValor Yébenes, Juan Antonio, _eautor. |
|
| 245 | 1 | 0 |
_aMetodología de la investigación científica / _cJuan Antonio Valor Yébenes. |
| 264 | 1 |
_aMadrid : _bBiblioteca Nueva, _c2000. |
|
| 300 |
_a230 páginas ; _c24 centímetros |
||
| 336 |
_atext _2rdacontent |
||
| 337 |
_aunmediated _2rdamedia |
||
| 338 |
_avolume _2rdacarrier |
||
| 505 | 0 | _aEl objetivo de la ciencia experimental -- Instrumentalismo y conocimiento de la naturaleza -- La explicación científica -- Dinámica -- Definición del objeto -- Construcción de teorías -- Verificación de teorías -- Estática -- Teorías -- Proposiciones -- Conceptos -- El método -- El método de la ciencia experimental -- El principio del racionalismo crítico -- Cuatro problemas en torno a la inducción -- El método de la ciencia es inductivo. | |
| 526 | _aSEG44 | ||
| 526 | _aSEG26 | ||
| 526 | _aP151 | ||
| 526 | _aP150 | ||
| 526 | _aP149 | ||
| 526 | _aP146 | ||
| 526 | _aP145 | ||
| 526 | _aP126 | ||
| 526 | _aP125 | ||
| 526 | _aP92 | ||
| 526 | _aP75 | ||
| 526 | _aP74 | ||
| 526 | _aP27 | ||
| 526 | _aP15 | ||
| 541 | _g001-0031424; | ||
| 650 | 0 | 4 |
_aInvestigación _vMetodología. |
| 910 | _agl20100406 | ||
| 942 |
_2ddc _cBOOK |
||
| 949 |
_a001.42 V23 _wDEWEY _c1 _i61329 _lCCODEBUL1 _mBUL _p28.00 _r0 _sY _tBOOK _u2015-7-6 _xINGENIERIA _PP27 _0COMPRA _o.STAFF. Colección General |
||
| 949 |
_a001.42 V23 _wDEWEY _c2 _i70065 _d2016-3-28 _e2016-3-28 _lCCODEBUL1 _mBUL _n2 _p23.00 _r0 _sY _tBOOK _u2015-7-24 _xINGENIERIA _PP24 _0COMPRA _o.STAFF. Colección General |
||
| 994 |
_aC0 _bPEPRU |
||
| 596 | _a1 | ||
| 999 |
_a001.42 V23 _wDEWEY _c50588 _i61329 _d50588 _f2021-11-4 _g7 _lCCODEBUL1 _mBUL _p28.00 _q2 _r0 _sY _tBOOK _u2015-7-6 _xBIBLIOTECA _PP27 _0COMPRA _o.STAFF. Colección General |
||
| 999 |
_a001.42 V23 _wDEWEY _c2 _i70065 _d2018-5-29 _e2016-3-28 _f2021-11-4 _g7 _lCCODEBUL1 _mBUL _n2 _p23.00 _q2 _r0 _sY _tBOOK _u2015-7-24 _xBIBLIOTECA _PP24 _0COMPRA _o.STAFF. Colección General |
||
| 980 |
_81 _gALBERTO SANCHEZ Responsable de Automatización |
||